Statistics for Can You Name These Famous People By Pictures

Click here to take the quiz!

General Stats

  • This quiz has been taken 682 times
  • The average score is 8 of 9

Answer Stats

Answer% Correct
Barack Obama
99%
Donald Trump
96%
Abraham Lincoln
92%
Elvis Presley
92%
Queen Elizabeth II
90%
Albert Einstein
90%
John F Kennedy
88%
Muhammad Ali
79%
Pope Francis
65%

Score Distribution

Percentile by Number Answered

Percent of People with Each Score

Your Score History

You have not taken this quiz